Once Upon A Time Character Quiz #2 - Statistics

General Stats
  • This quiz has been taken 759 times
  • The average score is 13 of 15
Answer Stats
Hint Answer % Correct
NGRANY Granny
98%
ELBEL Belle
96%
RPETE ANP Peter Pan
95%
BRUY Ruby
94%
NLUAM Mulan
93%
YDSINE SGLAS Sidney Glass
91%
EDCIKW ITWCH Wicked Witch
91%
IACRHE POHPER Archie Hopper
83%
SRISENPC RAUORA Princess Aurora
81%
YPGURM Grumpy
78%
UPELSRTKINSLITM Rumplestiltskin
78%
NOIRN ODHO Robin Hood
76%
IAKLINL EJNOS Killian Jones
74%
NIKETR LEBL Tinker Bell
69%
OGEPTPTE Geppetto
58%
No matching quizzes found
Score Distribution
Percent of People with Each Score
Percentile by Number Answered
Your Score History
You have not taken this quiz